01003 a2200217 4500003000500000005001700005010001600022020001500038040000900053082001300062100003600075245007100111260004600182300004300228505031400271650002200585650002400607942001200631999001900643952012300662Nust20221124114826.0 a 76155292 a0871501171 cNust00a516, SWO1 aSwokowski, Earl William,95082710aElementary functions with coordinate geometry:cEarl W. Swokowski. aBoston,bPrindle, Weber & Schmidtc[1971] aix, 371 p.billus. (part col.)c24 cm. aFunctions (Page-1),Polynomials (Page-55), Additional Topics on Functions (Page-87), Exponential and Logarithmic Functions (Page-103), The Trigonometric Functions (Page-135), Analytic Trigonometry (Page-185), Coordinate Geometry in Two Dimensions (Page-244), Coordinate Geometry in Three Dimensions (Page-299). 0aFunctions.911020 0aGeometry, Analytic. 2ddccBK c181017d181017 00102ddc4070aMCSbMCScGENd2016-12-12o516 , SWOpMCS7429r2016-12-08w2016-12-12yBKzAlmirah No.13, Shelf No. 6